000 00510 a2200229 4500
260 _aCotonou
100 _aQUENUM, Hermine
700 _aAHOUSSINOU, Abdel
260 _bENEAM
300 _b50 p
245 _aLa gestion des créances clients à la SONACOP-SA
650 _aCOMPTABILITE GESTION
650 _aGESTION DES CREANCES
650 _aGESTION DES CLIENTS
650 _aSONACOP-SA
260 _c2007
130 _lFr
500 _a1 ex
040 _aENEAM
999 _c9745
_d9745